| 000 | 00550cam a22002052 4500 | ||
|---|---|---|---|
| 001 | 0000003731 | ||
| 005 | 20170406115248.0 | ||
| 008 | 140708s xx 000 0 eng d | ||
| 020 | _c$ | ||
| 040 |
_aYour Holding Symbol _cYour Holding Symbol |
||
| 100 | 1 | _aWordsworth,Coleridge. | |
| 245 | 1 | 0 | _aMajor British writers. |
| 250 | _a ed. | ||
| 260 |
_aNew york : _bHarcourt, _c1954. |
||
| 300 |
_a880 p. ; _c cm. |
||
| 504 | _aindex. | ||
| 650 | 0 | _aenlish literature. | |
| 908 | _a140708 | ||
| 999 |
_c3591 _d3591 |
||